Le Temps

Detalles Bibliográficos
Formato: Revista
Lenguaje:francés
Publicado: Genv̈e : Le Temps, 1998-
Materias:
Acceso en línea:http://www.vlex.com/source/7222

MARC

LEADER 00000nas a22000007a 4500
005 20130322085329.0
007 cr|||| ||||
008 130322c19989999sz dr|p s|||| 0|||a1fre d
022 |a 14233967  
035 |a 7222 
040 |a vLex 
090 |c 3986  |d 3986 
245 0 3 |a Le Temps  |h [Recurso electrn̤ico]  
256 |a Servicio en ln̕ea 
260 |a Genv̈e :  |b Le Temps,   |c 1998- 
300 |a 1 Recurso electrn̤ico 
506 |d vLex Global  |d vLex Global (Academic Edition, excluding Law Schools)  |d vLex Global (U.S. Academic Edition, Law Schools)  |d vLex Global (U.S. Academic Edition, excluding Law Schools)  |d vLex Global (Academic Edition, Law Schools) 
650 0 4 |a Informacin̤ general 
740 |a vLex Revistas (Servicio en ln̕ea) 
856 |a Acceso restringido  |u http://www.vlex.com/source/7222 
942 |c REV 
999 0 |a News